مكتبة جامعة عجلون الوطنية

فهرس بحث المكتبة

Normal view MARC view
  • دائرة ضريبة الدخل والمبيعات، وزارة المالية، الاردن

Entry Personal Name

Number of records used in: 1

001 - CONTROL NUMBER

  • control field: 46457

003 - CONTROL NUMBER IDENTIFIER

  • control field: JO-AjAnu

005 - DATE AND TIME OF LATEST TRANSACTION

  • control field: 20230606081658.0

008 - FIXED-LENGTH DATA ELEMENTS

  • fixed length control field: 230606|| aca||aabn | a|a d

040 ## - CATALOGING SOURCE

  • Original cataloging agency: JO-AjAnu
  • Transcribing agency: JO-AjAnu

100 ## - HEADING--PERSONAL NAME

  • Personal name: دائرة ضريبة الدخل والمبيعات، وزارة المالية، الاردن

670 ## - SOURCE DATA FOUND

  • Source citation: Work cat.: (JO-AjAnu)23780: دائرة ضريبة الدخل والمبيعات، وزارة المالية، الاردن, author, قانون ضريبة الدخل: قانون رقم (57) لسنة 1985 وتعديلاته والأنظمة والتعليمات الصادرة بموجبه